Die Rolle von Elemér Mályusz in der ungarischen Sigismund-Forschung

Titel: Die Rolle von Elemér Mályusz in der ungarischen Sigismund-Forschung
Verfasser:
In: ˜Dasœ Zeitalter König Sigmunds in Ungarn und im Deutschen Reich, (2000), Seite 39-43
alle Artikel anzeigen
Veröffentlicht: 2000
Format: Aufsatz
Sprache: Deutsch
Kein Bild verfügbar
X
alg: 39252093
001A    $01999:11-11-16 
001B    $01999:12-03-21 $t19:06:45.000 
001D    $01999:11-11-16 
001U    $0utf8 
001X    $00 
002@    $0Aox 
003@    $0392520931 
007A    $0392520931 $aHEB 
007T    $0Herdc0063142m 
010@    $ager 
011@    $a2000 
021A    $aDie @Rolle von Elemér Mályusz in der ungarischen Sigismund-Forschung 
028A    $aErős $dVilmos 
031A    $h39-43 $j2000 
039B    $aIn $8--Aau--. Das @Zeitalter König Sigmunds in Ungarn und im Deutschen Reich. - Debrecen : Debrecen Univ. Press, 2000. - 218 S.. - ISBN 963-472-451-5 $x200000000000000961 $9100729169 
045F    $a907.2094371 $eDDC23BSB 
045F/01 $a907.2 
045F/03 $g4371 
045F/03 $g439 

lok: 39252093 78

exp: 39252093 78 1 #EPN
201B/01 $005-07-18 $t23:20:38.000 
201U/01 $0utf8 
203@/01 $0788618814 
208@/01 $a11-11-16 $be 
209A/01 $a/ $f000 $x00 
220C/01 $aTitelaufnehmer: nk;tn 
220C/01 $aHerkunft: HI Marburg 
244Z/01 $2Trx $#Ungari $#Vengrija $#Ungārija $#Ungarn $#Hungary $#Węgry $#Maďarsko $#Maďarsko $#Uhorsko $#Uhersko;Uhry $8--Trx--Magyarország $x01 $9391197150 
244Z/01 $#Tschechien $#Tschechische Republik $#Tschechische Republik $#Tschechenland $#Tschechei Tschechien $#Česká Republika $#Czech Republic $#ČR $74303381-7 $8--Tg1--Tschechien $x02 $9086659812 
244Z/01 $2Trx $#Böhmen $#Bohemia $#Czechy $8--Trx--Čechy $x03 $9391188941 
244Z/01 $aGeschichte 1934-1989 $x04 
244Z/01 $#Sigmund  $#Siegmund  $#Sigismundus  $#Sigismundus  $#Sigismundus  $#Sigismundus Imperator Romae $#Sigmund  $#Sigismund  $#Sigismund  $#Sigismund  $#Sigismond  $#Zygmunt Luksemburski $#Zikmund Lucemburský $#Zsigmond  $#Sigismund  $#Siegmund  $#Žigmund Luxemburský $#Sigismundus  $#Luxemburg, Sigismund von $#Luxemburg, Siegmund von $#Luxemburg, Zikmund von $#Luxemburg, Zsigmond von $#Luksemburški, Žigmund $#Sigismund  $#Sigmund  $#Sigmund  $#Sigismund  $#Siegmund  $#Sigismundus  $7118614185 $8--Tp1--$PSigismund$lHeiliges Römisches Reich, Kaiser$Z1368-1437 $x05 $9086955136 
244Z/01 $2Trx $8--Trx--Mályusz, Elemér$Z1898-1989 $x06 $9390590657 
244Z/01 $2Trx $#historiograafia, Ungari $#Vengrijos istoriografija $#historiography, Hungarian $#történetírás, magyar $#historiografia węgierska $#historiografia maďarská $#historiografie maďarská $8--Trx--Historiographie, ungarische $x07 $9391362380 
244Z/01 $2Trx $#ajaloolased $#istorikai $#historians $#történészek $#historycy $#historici $#historici $8--Trx--Historiker $x08 $9391373544 
244Z/01 $2Trx $8--Trx--Einzelbeiträge $x09 $9391384570 
245Z/01 $a01.04 $x01 
247C/01 $82080>Marburg/Lahn, Herder-Institut, Forschungsbibliothek, Bibliographieportal $9336309341
LEADER 00000caa a22000002c 4500
001 392520931
003 DE-603
005 20210312190645.0
007 tu
008 161111s2000 xx |||| | u00||u|ger c
035 |a (DE-599)HEB392520931 
040 |a DE-603  |b ger  |c DE-603  |d DE-603 
041 |a ger 
082 0 4 |8 1\u  |a 907.2094371  |q DE-101  |2 23/BSB 
085 |8 1\u  |b 907.2 
085 |8 1\u  |z 2  |s 4371 
085 |8 1\u  |z 2  |s 439 
100 1 |a Erős, Vilmos 
245 0 0 |a ˜Dieœ Rolle von Elemér Mályusz in der ungarischen Sigismund-Forschung 
264 0 |c 2000 
773 0 8 |i In  |t ˜Dasœ Zeitalter König Sigmunds in Ungarn und im Deutschen Reich  |d Debrecen : Debrecen Univ. Press, 2000  |h 218 S.  |z 9634724515  |g (2000), Seite 39-43  |w (DE-603)100729169 
924 0 |9 2080  |a (DE-603)788618814  |b DE-2080  |c HES  |d d  |g /